<?xml version="1.0" encoding="UTF-8"?>
<record
    xmlns:xsi="http://www.w3.org/2001/XMLSchema-instance"
    xsi:schemaLocation="http://www.loc.gov/MARC21/slim http://www.loc.gov/standards/marcxml/schema/MARC21slim.xsd"
    xmlns="http://www.loc.gov/MARC21/slim">

  <leader>02807nam a2200325 i 4500</leader>
  <controlfield tag="003">DO-SdBNP</controlfield>
  <controlfield tag="005">20250416113648.0</controlfield>
  <controlfield tag="007">ta</controlfield>
  <controlfield tag="008">250416b2024    dr ab||| |||| 00| 0 spa d</controlfield>
  <datafield tag="020" ind1=" " ind2=" ">
    <subfield code="a">9789945800722</subfield>
  </datafield>
  <datafield tag="040" ind1=" " ind2=" ">
    <subfield code="a">DO-SdBNP</subfield>
    <subfield code="b">spa</subfield>
    <subfield code="c">BNPHU </subfield>
    <subfield code="e">rda</subfield>
  </datafield>
  <datafield tag="041" ind1=" " ind2=" ">
    <subfield code="a">spa</subfield>
  </datafield>
  <datafield tag="082" ind1=" " ind2="4">
    <subfield code="a">xxx</subfield>
    <subfield code="b">S211g 2024</subfield>
    <subfield code="2">22</subfield>
  </datafield>
  <datafield tag="100" ind1=" " ind2=" ">
    <subfield code="a">S&#xE1;nchez Fern&#xE1;ndez, Kin</subfield>
    <subfield code="e">autor</subfield>
    <subfield code="4">aut.</subfield>
    <subfield code="9">64878</subfield>
  </datafield>
  <datafield tag="245" ind1="1" ind2="0">
    <subfield code="a">Gu&#xED;a de an&#xE9;cdotas, cuentos, cr&#xF3;nicas y leyendas de la ciudad colonial de Santo Domingo /</subfield>
    <subfield code="c">Kin S&#xE1;nchez Fern&#xE1;ndez ; correcci&#xF3;n de estilo Rosmina Valdez Varela ; direcci&#xF3;n de arte y dise&#xF1;o Lony Fern&#xE1;ndez &#xC1;lvarez ; ilustraci&#xF3;n de imagenes, Juan A. Rodr&#xED;guez Voigt ; ilustraci&#xF3;n de mapas Lony Fern&#xE1;ndez &#xC1;lvarez.</subfield>
  </datafield>
  <datafield tag="250" ind1=" " ind2=" ">
    <subfield code="a">Tercera edici&#xF3;n</subfield>
  </datafield>
  <datafield tag="264" ind1=" " ind2="4">
    <subfield code="a">Santo Domingo : </subfield>
    <subfield code="b">Sergio Antonio Grull&#xF3;n Mej&#xED;a, </subfield>
    <subfield code="c">&#xA9;2024.</subfield>
  </datafield>
  <datafield tag="300" ind1=" " ind2=" ">
    <subfield code="a">143 p&#xE1;ginas :</subfield>
    <subfield code="b">ilustraciones, mapas ;</subfield>
    <subfield code="c">23 cm. </subfield>
  </datafield>
  <datafield tag="336" ind1=" " ind2=" ">
    <subfield code="a">texto</subfield>
    <subfield code="b">txt</subfield>
    <subfield code="2">rdacontent </subfield>
  </datafield>
  <datafield tag="337" ind1=" " ind2=" ">
    <subfield code="a">sin mediaci&#xF3;n </subfield>
    <subfield code="b">n</subfield>
    <subfield code="2">rdamedia</subfield>
  </datafield>
  <datafield tag="338" ind1=" " ind2=" ">
    <subfield code="a">volumen  </subfield>
    <subfield code="b">nc</subfield>
    <subfield code="2">rdacarrier </subfield>
  </datafield>
  <datafield tag="500" ind1=" " ind2=" ">
    <subfield code="a">Incluye datos biogr&#xE1;ficos del autor en la solapa de la cubierta.</subfield>
  </datafield>
  <datafield tag="505" ind1=" " ind2=" ">
    <subfield code="a">Pr&#xF3;logo, 11 -- Introducci&#xF3;n, 15 -- Ruta Billini-Col&#xF3;n, 18 -- Casa de Tostado, 21 -- Parque Padre Billini, 22 -- Catedral Nuestra Se&#xF1;ora de la Encarnaci&#xF3;n, 24 -- Casa del general Santiago P&#xE9;rez, 29 -- Parque Col&#xF3;n, 31 -- Estatua de Col&#xF3;n, 34 -- Palacio Herrera-Borgell&#xE1;, 35 -- Museo de la Catedral, 36 -- Residencia del Cardenal, 37 -- Casa del Sacramento, 39 -- Plazoleta de los Curas, 40 -- El callej&#xF3;n de los curas, 42 -- Convento de Santa Clara, 43 -- Fortaleza de Santo Domingo, 44 -- Casa de Bastidas, 47 -- Ruta Las Damas, 50 -- Casa de Hern&#xE1;n Cortes, 53 -- Casa de Nicolas de Ovando, 53 -- Casa de los D&#xE1;vila, 54 -- Iglesia de los Jesuitas y Pante&#xF3;n de la Patria, 55 -- Capilla de los Remedios, 57 -- Museo de las Casas Reales, 58 -- Reloj de Sol, 58 -- Alc&#xE1;zar de Col&#xF3;n, 60 -- Calle de La Atarazana, 64 -- Alcantarillas coloniales, 65 -- Ruta de San Francisco a Las Mercedes, 68 -- Ermita y barrio de San Ant&#xF3;n, 71 -- Ruinas de San Francisco, 72 -- Ruinas, 76 -- La casa fat&#xED;dica, 77 -- Casa del Cord&#xF3;n, 78 -- Banco de Reservas y palacio de Correos, 79 -- Calle Hostos, 79 -- Hospital San Nicol&#xE1;s de Bari, 80 -- Calle Las Mercedes, 84 -- Casa de las Academias, 86 -- Edificios modernos en la calle Mercedes, 86 -- Convento de La Merced o de las Mercedes, 89 -- Calle S&#xE1;nchez, 97 -- Calle El Conde, 97 -- Murallas coloniales, 102 -- Fuerte de San Gil, 105 -- Ruta de la Independencia, 105.</subfield>
  </datafield>
  <datafield tag="590" ind1=" " ind2=" ">
    <subfield code="a">Inventariado, 2025 /LP</subfield>
  </datafield>
  <datafield tag="700" ind1="1" ind2=" ">
    <subfield code="a">Valdez Varela, Rosmina</subfield>
    <subfield code="e">corrector</subfield>
    <subfield code="4">corr.</subfield>
    <subfield code="9">87473</subfield>
  </datafield>
  <datafield tag="700" ind1="1" ind2=" ">
    <subfield code="a">Rodr&#xED;guez Voigt, Juan A  Reyes, </subfield>
    <subfield code="e">ilustrador</subfield>
    <subfield code="4">il.</subfield>
    <subfield code="9">87474</subfield>
  </datafield>
  <datafield tag="700" ind1="1" ind2=" ">
    <subfield code="a">Reyes, Keila Francisco,</subfield>
    <subfield code="e">coordinador</subfield>
    <subfield code="4">coord.</subfield>
    <subfield code="9">87475</subfield>
  </datafield>
  <datafield tag="910" ind1=" " ind2=" ">
    <subfield code="a">LP</subfield>
  </datafield>
  <datafield tag="942" ind1=" " ind2=" ">
    <subfield code="2">ddc</subfield>
    <subfield code="c">LBS1</subfield>
  </datafield>
  <datafield tag="952" ind1=" " ind2=" ">
    <subfield code="0">0</subfield>
    <subfield code="1">0</subfield>
    <subfield code="2">ddc</subfield>
    <subfield code="5">1</subfield>
    <subfield code="7">0</subfield>
    <subfield code="8">PD</subfield>
    <subfield code="a">BNPHU</subfield>
    <subfield code="b">BNPHU</subfield>
    <subfield code="c">CT</subfield>
    <subfield code="d">2024-12-03</subfield>
    <subfield code="e">Dep&#xF3;sito Legal</subfield>
    <subfield code="l">0</subfield>
    <subfield code="o">xxx S211g 2024</subfield>
    <subfield code="p">2025-1228</subfield>
    <subfield code="r">2025-02-25</subfield>
    <subfield code="w">2025-02-25</subfield>
    <subfield code="y">LBS1</subfield>
  </datafield>
  <datafield tag="952" ind1=" " ind2=" ">
    <subfield code="0">0</subfield>
    <subfield code="1">0</subfield>
    <subfield code="2">ddc</subfield>
    <subfield code="5">1</subfield>
    <subfield code="7">0</subfield>
    <subfield code="8">PD</subfield>
    <subfield code="a">BNPHU</subfield>
    <subfield code="b">BNPHU</subfield>
    <subfield code="c">CT</subfield>
    <subfield code="d">2024-12-03</subfield>
    <subfield code="e">Dep&#xF3;sito Legal</subfield>
    <subfield code="l">0</subfield>
    <subfield code="o">xxx S211g 2024</subfield>
    <subfield code="p">2025-1229</subfield>
    <subfield code="r">2025-02-25</subfield>
    <subfield code="t">e.2</subfield>
    <subfield code="w">2025-02-25</subfield>
    <subfield code="y">LBS1</subfield>
  </datafield>
  <datafield tag="952" ind1=" " ind2=" ">
    <subfield code="0">0</subfield>
    <subfield code="1">0</subfield>
    <subfield code="2">ddc</subfield>
    <subfield code="5">6</subfield>
    <subfield code="7">0</subfield>
    <subfield code="8">DS</subfield>
    <subfield code="a">BNPHU</subfield>
    <subfield code="b">BNPHU</subfield>
    <subfield code="c">CT</subfield>
    <subfield code="d">2024-12-03</subfield>
    <subfield code="e">Dep&#xF3;sito Legal</subfield>
    <subfield code="l">0</subfield>
    <subfield code="o">xxx S211g 2024</subfield>
    <subfield code="p">2025-1230</subfield>
    <subfield code="r">2025-02-25</subfield>
    <subfield code="t">e.3</subfield>
    <subfield code="w">2025-02-25</subfield>
    <subfield code="y">LBS1</subfield>
  </datafield>
  <datafield tag="999" ind1=" " ind2=" ">
    <subfield code="c">58219</subfield>
    <subfield code="d">58219</subfield>
  </datafield>
</record>
